Τα χαρακτηριστικά του αποτελεσματικού διευθυντή της πρωτοβάθμιας εκπαίδευσης : απόψεις εκπαιδευτικών της Καλύμνου : διπλωματική εργασία [μεταπτυχιακή εργασία]
Αποθηκεύτηκε σε:
| Κύριος συγγραφέας: | |
|---|---|
| Συγγραφή απο Οργανισμό/Αρχή: | |
| Άλλοι συγγραφείς: | |
| Μορφή: | Thesis Βιβλίο |
| Γλώσσα: | Greek |
| Δημοσίευση: |
2013
|
| Θέματα: | |
| Διαθέσιμο Online: | http://hdl.handle.net/11610/14238 |
| Ετικέτες: |
Προσθήκη ετικέτας
Δεν υπάρχουν, Καταχωρήστε ετικέτα πρώτοι!
|
MARC
| LEADER | 00000cam a2200000 i 4500 | ||
|---|---|---|---|
| 001 | 1/32801 | ||
| 008 | 130709s2013 gre d | ||
| 035 | |l 10114977 | ||
| 040 | |a GR-MY-UA |b gre |e aacr | ||
| 041 | 0 | |a gre | |
| 082 | 0 | |a 371.2 |2 (22) | |
| 100 | 1 | |a Αντωνιάδου, Βασιλική. | |
| 245 | 1 | 3 | |a Τα χαρακτηριστικά του αποτελεσματικού διευθυντή της πρωτοβάθμιας εκπαίδευσης : |b απόψεις εκπαιδευτικών της Καλύμνου : διπλωματική εργασία [μεταπτυχιακή εργασία] / |c Αντωνιάδου Βασιλική ; επιβλέπων: Χατζηγεωργίου Ιωάννης |
| 260 | |c 2013 | ||
| 300 | |a 113 σ.; |b πίν.; |c 30 εκ. | ||
| 500 | |a Μέλη εξεταστικής επιτροπής: Ανδρεαδάκης Νικόλαος, Σταμάτης Παναγιώτης | ||
| 502 | |a Διατριβή (μεταπτυχιακή) – Πανεπιστήμιο Αιγαίου, Ρόδος, 2013. | ||
| 504 | |a Βιβλιογραφία: σ. 96-101 | ||
| 650 | 0 | |a School management and organization |z Greece |z Kalymnos (Municipality) | |
| 650 | 0 | |a School principals |z Greece |z Kalymnos (Municipality) | |
| 650 | 0 | |a School administrators |z Greece |z Kalymnos (Municipality) | |
| 650 | 0 | 0 | |a Dissertations, Academic |z Greece. |
| 700 | 1 | |a Χατζηγεωργίου, Γιάννης. |4 ths | |
| 710 | 2 | |a Πανεπιστήμιο Αιγαίου |b Σχολή Ανθρωπιστικών Επιστημών |b Τμήμα Επιστημών της Προσχολικής Αγωγής και του Εκπαιδευτικού Σχεδιασμού |b Πρόγραμμα Μεταπτυχιακών Σπουδών Μοντέλα Σχεδιασμού και Ανάπτυξης Εκπαιδευτικών Μονάδων . | |
| 852 | |a INST |b RHODES |c DIATR |e 20130709 |h 371.2 ΑΝΤ |p 005400035437 |q 005400035437 |t MTXE |y 23 | ||
| 852 | |a INST |b RHODES |c DIATR |e 20130709 |h 371.2 ΑΝΤ |p 005400035438 |q 005400035438 |t MTXE |y 23 | ||
| 856 | |u http://hdl.handle.net/11610/14238 | ||
| 901 | |a BIBL4-2013-2 | ||
| 909 | |a Ρ |b 176967 | ||
| 909 | |a Ρ |b 176968 | ||
| 924 | |a ΑΝΤΩΝΙΑΔΟΥ |b ΒΑΣΙΛΙΚΗ |y ΡΟΔΟΣ |z 2013 | ||
| 970 | |z 2013/07/09 | ||